National symposium on the use of phosphate rock for sustainable agriculture (Record no. 43879)

MARC details
000 -LEADER
fixed length control field 00398nam a2200121Ia 4500
082 ## - DEWEY DECIMAL CLASSIFICATION NUMBER
Classification number 631.81:631S
Item number SID
245 #0 - TITLE STATEMENT
Title National symposium on the use of phosphate rock for sustainable agriculture
260 ## - PUBLICATION, DISTRIBUTION, ETC. (IMPRINT)
Place of publication Bangalore
Name of publisher University of Agaricultural Sciences
Year of publication 1995
650 ## - SUBJECT ADDED ENTRY--TOPICAL TERM
Topical Term Rubber rock phosphate soil
700 ## - ADDED ENTRY--PERSONAL NAME
Personal name Siddaraamappa, R
942 ## - ADDED ENTRY ELEMENTS (KOHA)
Koha item type Books
Holdings
Withdrawn status Lost status Damaged status Not for loan Home library Current library Date acquired Source of acquisition Full call number Accession Number Koha item type
        RRII Library RRII Library 16/12/2021 Gift 631.81:631S SID G00628 Books